00000000nam##2200000za#4500
0019.662427
003CaOODSP
00520210615120538
007ta
008150407|2002||||xxc|||||     f|0| 0 eng|d
020 |a0-662-65428-5
040 |aCaOODSP|beng
041 |aeng
041 |afre
043 |an-cn---
0861 |aE2-210/2001
1101 |aCanada.|bForeign Affairs and International Trade. |bCommunications Bureau.
24510|aCanadian diplomacy and the Korean War, 1950-1953 : |ba documentary perspective / |ccompiled by Greg Donaghy.
260 |aOttawa - Ontario : |bForeign Affairs and International Trade. |c2002.
300 |a23p. ; |c22 cm.
563 |aSoftcover
590 |a02-34|b2002-08-23
69007|aHistory|2gcpds
69007|aWar|2gcpds
69007|aForeign service|2gcpds
7201 |aDonaghy, Greg
792 |tLa diplomatie canadienne pendant la guerre de Corée, 1950-1953 : |efre|w(CaOODSP)9.662428